01391 2200421 4500001002100000005001500021035002000036040002200056082002000078084002200098090002600120100004000146245011400186300003600300850001200336041001300348041001300361240003400374264003800408336002100446337003000467338002300497020002200520250003400542007000300576008004100579500004400620500003100664651001800695246002000713546008600733700003600819700003400855990002000889990002000909990002000929990002000949INLIS00000000085212920191021010902 a0010-1019000856 aYOPDYOGbinderda04223a712.5095982 a712.5095982 LOM t aNUS 712.5095982 LOM t1 aLombard, Denys,d1938-1998epenulis 0aTaman-taman di Jawa /cpenulis, Denys Lombard; penerjemah, Arif Bagus Prasetyo; penyunting, Ade Pristie Wahyo aii, 77 halaman :bfoto ;c21 cm aYOPDYOG1 aindheng1 aenghfra aUndang-Undang, Peraturan, dsb31aJakarta :bKomunitas Bambu,c2019 2rdacontentateks 2rdamediaatanpa perantara 2rdacarrieravolume a978-602-9402-98-8 aCetakan Pertama, Januari 2019ta191021 2019 jkio g | ind d aTerdiri dari dua bahasa dalam satu buku aJudul asli: Jardins a Java 4aJawa--xTaman aGardens in Java aTeks dalam bahasa Indonesia dan bahasa Inggris diterjemahkan dari bahasa Perancis0 aArif Bagus Prasetyoepenerjemah0 aAde Pristie Wahyoepenyunting a42122-PD/B.2019 a42123-PD/B.2019 a42124-PD/B.2019 a42125-PD/B.2019